Prevention of corrosion on board ships (Record no. 207)

000 -LEADER
fixed length control field 00437 a2200145 4500
008 - FIXED-LENGTH DATA ELEMENTS--GENERAL INFORMATION
fixed length control field 200917b ||||| |||| 00| 0 eng d
020 ## - INTERNATIONAL STANDARD BOOK NUMBER
International Standard Book Number 9789280100358
082 00 - DEWEY DECIMAL CLASSIFICATION NUMBER
Classification number 623.82070288
Item number I339
100 ## - MAIN ENTRY--PERSONAL NAME
Personal name International Maritime Organization
9 (RLIN) 75
245 ## - TITLE STATEMENT
Title Prevention of corrosion on board ships
260 ## - PUBLICATION, DISTRIBUTION, ETC. (IMPRINT)
Place of publication, distribution, etc London:
Name of publisher, distributor, etc International Maritime Organization,
Date of publication, distribution, etc 2010.
300 ## - PHYSICAL DESCRIPTION
Extent iii, 243 p.
650 #0 - SUBJECT ADDED ENTRY--TOPICAL TERM
Topical term or geographic name as entry element Protective Coatings
942 ## - ADDED ENTRY ELEMENTS (KOHA)
Source of classification or shelving scheme
Item type Books
Holdings
Withdrawn status Lost status Source of classification or shelving scheme Damaged status Not for loan Permanent location Current location Date acquired Source of acquisition Cost, normal purchase price Full call number Barcode Date last seen Cost, replacement price Koha item type
          IMU Kolkata IMU Kolkata 2019-09-16 Sterling Book House 1630.51 623.82070288 I339 13199 2019-09-16 1811.69 Books
          IMU Kolkata IMU Kolkata 2017-03-23 Sterling Book House 1630.51 623.82070288 I339 12213 2020-01-14 1811.69 Books
Designed and Maintained by IMU-KC Library, Kolkata Campus © Copyright All Rights Reserved

webs counters

Powered by Koha